000
00285nam a2200121Ia 4500
008
190216s9999||||xx |||||||||||||| ||und||
100
_a
Padmanabhan T
245
0
_a
Katha Theerumbol Vanambadi Parakkunnu
260
_b
Malbery Books
300
_a
98
650
_a
Kathakal
942
_c
BK
999
_c
27698
_d
27698